000 00594nam a2200157 a 4500
008 120416s1993 ||||||||||||||||| || u
020 _a0821323342
050 _aIBRD(02)
110 _aWorld Bank
245 1 4 _aThe environmental data book: a guide to statistics on the environment and development
260 _aWashington, D. C.
_bWorld Bank
_c1993
300 _a16p. : ill.
350 _a0.00
650 _aENVIRONMENTAL PROTECTION--STATISTICS
995 _D0.00
_FCBU-MAIN LIBRARY (Kitwe)
_H1
_I0.00
_UAVAILABLE
_ZAnnex Low-Usage Collection
999 _c42190
_d42190